Normal view
MARC view
- Plummer , James.D , Deal , Michael.D , Griffin, Peter.B
Entry Personal Name
001 - CONTROL NUMBER
- control field: 63588
003 - CONTROL NUMBER IDENTIFIER
- control field: NUST
005 - DATE AND TIME OF LATEST TRANSACTION
- control field: 20210628203136.0
008 - FIXED-LENGTH DATA ELEMENTS
- fixed length control field: 210628|| aca||aabn | a|a d
040 ## - CATALOGING SOURCE
- Original cataloging agency: NUST
- Transcribing agency: NUST
100 ## - HEADING--PERSONAL NAME
- Personal name: Plummer , James.D , Deal , Michael.D , Griffin, Peter.B
670 ## - SOURCE DATA FOUND
- Source citation: Work cat.: (NUST): Plummer , James.D , Deal , Michael.D , Griffin, Peter.B, Silicon vlsi technology , fundamentals, practice and modeling, 2000
